Southville International School and Colleges
Your cart is empty.
  • Cart
  • Lists
    Public lists Eva Luna New books Lux_list list_1
    Your lists Log in to create your own lists
  • Log in to your account
  • Your cookies
  • Search history
Southville International School and Colleges
  • Advanced search
  • Recent comments
  • Most popular
  • Libraries

Log in to your account

Log in with GOOGLE


If you do not have an external account, but do have a local account, you can still log in:

  1. Home
  2. MARC view: Winnie the Pooh :
Normal view MARC view ISBD view

Winnie the Pooh : (Record no. 111841)

[ view plain ]
MARC details
000 -LEADER
fixed length control field 00507nam a2200193 a 4500
001 - CONTROL NUMBER
control field 1246
005 - DATE AND TIME OF LATEST TRANSACTION
control field 20140414131923.0
008 - FIXED-LENGTH DATA ELEMENTS--GENERAL INFORMATION
fixed length control field 041111s19uu xx 00 eng d
020 ## - INTERNATIONAL STANDARD BOOK NUMBER
International Standard Book Number 0-307-12260-3
050 ## - LIBRARY OF CONGRESS CALL NUMBER
Classification number ER
Item number W72 1981
245 ## - TITLE STATEMENT
Title Winnie the Pooh :
Remainder of title all year long.
260 ## - PUBLICATION, DISTRIBUTION, ETC. (IMPRINT)
Place of publication, distribution, etc New York :
Name of publisher, distributor, etc A Golden Book,
Date of publication, distribution, etc 1981.
300 ## - PHYSICAL DESCRIPTION
Extent 1 v. p, : ill. ; cm.
440 ## - SERIES STATEMENT/ADDED ENTRY--TITLE
Title A golden sturdy shape book
650 ## - SUBJECT ADDED ENTRY--TOPICAL TERM
Topical term or geographic name as entry element Weather
General subdivision Fiction.
650 ## - SUBJECT ADDED ENTRY--TOPICAL TERM
Topical term or geographic name as entry element Children stories.
Holdings
Withdrawn status Lost status Damaged status Use restrictions Home library Current library Shelving location Date acquired Source of acquisition Total Checkouts Full call number Barcode Date last seen Price effective from Koha item type
        Munich Library Munich Library Easy Reading Section 11/11/2004     ER W72 1981 M2744 04/14/2014 04/14/2014 Books
        Munich Library Munich Library Easy Reading Section 10/27/2010     ER W72 1981 M3114 04/14/2014 04/14/2014 Books

Winnie the Pooh :

APA

(1981). Winnie the Pooh. New York: A Golden Book.

Chicago

1981. Winnie the Pooh. New York: A Golden Book.

Harvard

(1981). Winnie the Pooh. New York: A Golden Book.

MLA

Winnie the Pooh. New York: A Golden Book. 1981.

  • Place hold
  • Print
  • Cite
  • Add to your cart (remove)
  • Save record
    BIBTEX Dublin Core MARCXML MARC (non-Unicode/MARC-8) MARC (Unicode/UTF-8) MARC (Unicode/UTF-8, Standard) MODS (XML) RIS
  • More searches
    Search for this title in:
    Other Libraries (WorldCat) Other Databases (Google Scholar) Online Stores (Bookfinder.com) Open Library (openlibrary.org)

Exporting to Dublin Core...

SOUTHVILLE LIBRARY

Southville International School and Colleges Library

1281 Tropical Ave. Cor. Luxembourg St., BF Homes International, Las Pinas City

Tel. No. 8256374 / 252358 Loc. 117/146

Powered by Koha